All Mario Wonder Worlds - Statistics

General Stats
  • This quiz has been taken 5 times
  • The average score is 5 of 8
Answer Stats
# World % Correct
7 Petal Isles
75%
1 Pipe-Rock Plateau
75%
4 Sunbaked Desert
75%
2 Fluff-Puff Peaks
50%
5 Fungi Mines
50%
3 Shining Falls
50%
8 Special World
50%
6 Deep Magma Bog
25%
No matching quizzes found
Score Distribution
Percent of People with Each Score
Percentile by Number Answered
Your Score History
You have not taken this quiz